Do humans dream of electric sheeps?
Tradičné metódy marketingu a neuromarketing. Pojem neuromarketing, čo majú spoločné s tradičným marketingom. Neuromarketing sa snaží porozumieť správaniu spotrebiteľa. Celkový pohľad na neuromarketing, jeho metódy.
Salvato in:
| Autore principale: | |
|---|---|
| Altri autori: | |
| Natura: | Capitolo di libro |
| Lingua: | inglese |
| Soggetti: | |
| Tags: |
Nessun Tag, puoi essere il primo ad aggiungerne!!
|
MARC
| LEADER | 00000nla a2200000 4500 | ||
|---|---|---|---|
| 001 | 0226610 | ||
| 005 | 20240502073730.2 | ||
| 041 | 0 | |a eng | |
| 044 | |a SK | ||
| 245 | 1 | 0 | |a Do humans dream of electric sheeps? |c Martin Hudec, Alena Donovalová |
| 520 | |a Tradičné metódy marketingu a neuromarketing. Pojem neuromarketing, čo majú spoločné s tradičným marketingom. Neuromarketing sa snaží porozumieť správaniu spotrebiteľa. Celkový pohľad na neuromarketing, jeho metódy. | ||
| 610 | 2 | 0 | |a marketing |
| 610 | 2 | 0 | |a neuromarketing |
| 610 | 2 | 0 | |a metódy |
| 610 | 2 | 0 | |a správanie spotrebiteľa |
| 100 | 1 | |a Hudec, Martin | |
| 700 | 1 | |a Donovalová, Alena, 1986- | |